Loading...
Science - Physics | 0 | 4 | 0 | 0 | 40 | 75 | 95.25 | 0 | 3 |
Science - Chemistry | 0 | 3 | 0 | 2 | 30 | 101 | 115.33 | 1 | 1 |
Other Science: Math | 1 | 1 | 0 | 0 | 25 | 52 | 76.50 | 1 | 2 |
History - European History | 1 | 1 | 0 | 0 | 25 | 46 | 73.50 | 0 | 1 |
Ancient History and Archaeology | 0 | 1 | 0 | 1 | 10 | 126 | 126.00 | 0 | 0 |
Other Science: Computer Science | 0 | 1 | 0 | 0 | 10 | 113 | 113.00 | 0 | 0 |
Current Events | 0 | 1 | 0 | 0 | 10 | 118 | 118.00 | 1 | 1 |
Other Arts: Visual | 0 | 1 | 0 | 0 | 10 | 112 | 112.00 | 0 | 1 |
History - World History | 0 | 1 | 1 | 1 | 5 | 125 | 125.00 | 0 | 1 |
Geography | 0 | 1 | 1 | 1 | 5 | 147 | 147.00 | 0 | 0 |
Social Science | 0 | 0 | 0 | 0 | 0 | 0.00 | 0 | 0 | |
Literature - American Literature | 0 | 0 | 0 | 0 | 0 | 0.00 | 0 | 0 | |
History - American History | 0 | 0 | 1 | 0 | -5 | 0.00 | 0 | 0 | |
Fine Arts - Visual Fine Arts | 0 | 0 | 1 | 0 | -5 | 0.00 | 0 | 0 |